000 00687cam a22002053a 4500
001 44516
003 PGUSA
005 20140828084021.0
008 131226s2013||||xxu|||||s|||||000 | eng d
040 _aPGUSA
_beng
042 _adc
100 1 _aBroadbridge, James
245 1 0 _aReport on the Plans of the Various Railways before the Examiners of the House of Commons, 1864, so far as relates to the Parish of Kensington
_h[electronic resource] /
_cJames Broadbridge
260 _bProject Gutenberg,
_c2013
506 _aPublic domain in the USA.
516 _aElectronic text
830 0 _aProject Gutenberg
_v44516
856 4 0 _uhttp://www.gutenberg.org/ebooks/44516
942 _cEB
999 _c273767
_d273767